| 000 | 00846nam a22001817a 4500 | ||
|---|---|---|---|
| 999 |
_c59253 _d59253 |
||
| 003 | Ge_BSU | ||
| 005 | 20221223162028.0 | ||
| 008 | 221223s1974ge xxu||||| |||| 00| 0 geo d | ||
| 041 | _ageo | ||
| 080 | _a821.112.2-31 ზ-44 | ||
| 100 |
_aზეგერსი, ანა, ავტ. _916555 |
||
| 245 |
_aმეშვიდე ჯვარი : _b [გერმანელი მწერლის რომანი] / _cანა ზეგერსი ; თარგმნა ც. ცხენოსანიძემ. |
||
| 264 |
_aთბილისი : _bსაბჭ. საქართველო, _c1974. |
||
| 300 |
_a452 გვ. ; _b20 სმ. |
||
| 653 | _aმეშვიდე ჯვარი : რომანი | ||
| 700 |
_aცხენოსანიძე, ც _eმთარგმნელი _916556 |
||
| 942 |
_2udc _cBK |
||